| 000 | 00335nam a2200121Ia 4500 | ||
|---|---|---|---|
| 008 | 171211s9999 xx 000 0 und d | ||
| 020 | _a9789814570251 | ||
| 100 | _aKeohane, Elaine M. | ||
| 245 | _aRodak's Hematology Clinical Principles and Application | ||
| 250 | _aV | ||
| 260 |
_bC & E Publishing, Inc. _c2016 |
||
| 300 | _a890 pages | ||
| 999 |
_c350929 _d350929 |
||